000 00994naa a22002897a 4500
001 BR5600032
003 BR-BrBNA
005 20250709164601.0
007 ta
008 250630b bl.|||m| |||| 00| 0 por d
040 _aBR-BrBNA
_bpor
_cBiblioteca Nacional de Agricultura
041 _a(Pt)
072 _aP10; P00
_b/G514
090 _aP10 BR5600032
100 1 _aCunha, J.B. da
245 1 _aExames bacteriologicos da agua de abastecimento dos estabelecimentos registrados na D.I.O.A., a luz do atual regulamento [Recurso Natural; Tratamento da agua; Brasil]
500 _aProblemas referentes ao leite Rio de Janeiro, GB (Brasil): 1956. p. 61-70 (BR5600032-AMS)
650 _aRecurso hidrico
650 _aRecurso natural
650 _aAgua
650 _aBacteria
650 _aTratamento da agua
650 _aAbastecimento
490 _aEstudos Tecnicos - Servico de Informacao Agricola (Brazil)
_vno. 8
942 _cAMS
_2AGRIS
909 _a202506
_bLúcia
_c55
_dLúcia Elande
999 _c332530
_d332530